Africa Today /
Guardat en:
| Autor principal: | |
|---|---|
| Altres autors: | |
| Format: | Mapa |
| Publicat: |
Washington, EUA :
National Geographic Society,
2001, c2001
|
| Matèries: | |
| Etiquetes: |
Sense etiquetes, Sigues el primer a etiquetar aquest registre!
|
MARC
| LEADER | 00000nem^a2200000^a^4500 | ||
|---|---|---|---|
| 001 | 000131826 | ||
| 005 | 20250521000000.0 | ||
| 009 | 20260310095037.232 | ||
| 037 | |a Acervo ITESO - Biblioteca | ||
| 041 | |a GRA | ||
| 082 | |a 912. 60 |b CAR | ||
| 100 | |a Carroll, Allen |e (autor) | ||
| 245 | 1 | 0 | |a Africa Today / |c A. Carroll ; ed. de W.L. Allen. |
| 255 | |c (O17º32'-E51º23'/N37º20'-S34º51') | ||
| 255 | |a Escala 1 : 7 531 000 | ||
| 264 | 4 | |a Washington, EUA : |b National Geographic Society, |c 2001, c2001 | |
| 300 | |a 1 mapa | ||
| 336 | |a imagen cartográfica estática |b cri |2 rdacontenido | ||
| 337 | |a sin mediación |b n |2 rdamedio | ||
| 338 | |a mapa |b nz |2 rdasoporte | ||
| 546 | |a Edición gráfica con texto en inglés | ||
| 649 | |a XX | ||
| 650 | |a División Política y Administrativa - |z Africa - |x Mapas | ||
| 650 | |a Fauna - |z Africa - |x Mapas | ||
| 650 | |a Flora - |z Africa - |x Mapas | ||
| 650 | |a Africa - |x Mapas | ||
| 650 | |a Cartografía - |z Africa | ||
| 650 | |a Geografía - |z Africa | ||
| 740 | 0 | |a Africa's Natural Realms / |c A. Carroll ; ed. de W.L. Allen. | |
| 700 | |a Allen, William L. |e (edición) | ||
| 910 | |a Fondo General | ||
| 920 | |a Gráficos - Mapas | ||
| 905 | |a 503 | ||
| 901 | |a 0500061129 |b IT2 |c MAP |u 20250521 | ||
| 902 | |a https://opac.biblio.iteso.mx/vufind/Record/000131826 | ||